000 00324nam a2200133Ia 4500
005 20260328104319.0
008 260328s9999||||xx |||||||||||||| ||und||
100 _aBernabei, Giancarlo
245 0 _aOtto Wagner /
_cGiancarlo Bernabei
260 _bGustavo Gili
300 _a2018 p.
650 _aARQUITECTOS
942 _cBK
999 _c11301
_d11301